[Event "GER-chT Online Liga Playoffs"]
[Site "Playchess.com INT"]
[Date "2021.04.23"]
[Round "2.2"]
[White "Welzel, Philipp"]
[Black "Marcziter, Dmitrii"]
[Result "0-1"]
[WhiteElo "2208"]
[BlackElo "2243"]
[PlyCount "94"]
[EventDate "2021.04.15"]
[EventType "team-k.o. (rapid)"]
[EventRounds "3"]
[EventCountry "GER"]
[SourceTitle "CBM 202 Extra"]
[Source "ChessBase"]
[SourceDate "2021.07.31"]
[SourceVersion "1"]
[SourceVersionDate "2021.07.31"]
[SourceQuality "1"]
[WhiteTeam "Dinslaken"]
[BlackTeam "Porz SG"]
[WhiteTeamCountry "GER"]
[BlackTeamCountry "GER"]

1. Nf3 c5 2. c4 e6 3. g3 d5 4. cxd5 exd5 5. d4 Nc6 6. Bg2 Nf6 7. 0-0 Be7 8. dxc5 Bxc5 9. a3 a5 10. Bg5 0-0 11. Nc3 d4 12. Bxf6 Qxf6 13. Ne4 Qe7 14. Nxc5 Qxc5 15. Rc1 Qb6 16. Qc2 g6 17. Rfd1 Bf5 18. Qd2 Rad8 19. Qh6 f6 20. Nh4 Ne7 21. Qd2 Be6 22. b4 a4 23. Rc5 Kg7 24. Rdc1 Rd7 25. Qd3 Rfd8 26. Rb5 Qa7 27. Ra5 Qb8 28. Rxa4 Nf5 29. Nf3 b5 30. Ra6 Bc4 31. Qd2 Re7 32. Re1 Qc8 33. Ra5 h5 34. Bh3 Qd7 35. a4 bxa4 36. Bxf5 gxf5 37. Nh4 Bb5 38. Qf4 Re5 39. Qf3 f4 40. gxf4 Rd5 41. f5 Kh6 42. Rc1 Rg8+ 43. Kf1 d3 44. Qe3+ Rg5 45. f4 dxe2+ 46. Kf2 Rg4 47. Rc7 Qxc7 0-1

[Event "GER-chT Online Liga Playoffs"]
[Site "Playchess.com INT"]
[Date "2021.04.15"]
[Round "1.2"]
[White "Lagunow, Raphael"]
[Black "Welzel, Philipp"]
[Result "1/2-1/2"]
[WhiteElo "2378"]
[BlackElo "2208"]
[PlyCount "61"]
[EventDate "2021.04.15"]
[EventType "team-k.o. (rapid)"]
[EventRounds "3"]
[EventCountry "GER"]
[SourceTitle "CBM 201 Extra"]
[Source "ChessBase"]
[SourceDate "2021.05.31"]
[SourceVersion "1"]
[SourceVersionDate "2021.05.31"]
[SourceQuality "1"]
[WhiteTeam "Zehlendorf"]
[BlackTeam "Dinslaken"]
[WhiteTeamCountry "GER"]
[BlackTeamCountry "GER"]

1. e4 c5 2. Nf3 e6 3. d4 cxd4 4. Nxd4 Nc6 5. Nc3 Qc7 6. Qd3 a6 7. Nxc6 dxc6 8. Qg3 Qxg3 9. hxg3 e5 10. Na4 Nf6 11. Nb6 Rb8 12. Nxc8 Rxc8 13. f3 Bc5 14. g4 Ke7 15. g5 Nd7 16. Bd2 Nf8 17. 0-0-0 Ne6 18. Bc4 b5 19. Bxe6 Kxe6 20. Rh3 f5 21. gxf6 gxf6 22. Rdh1 Rc7 23. g4 Rd7 24. g5 Rhd8 25. Rh6 Rxd2 26. Rxf6+ Ke7 27. Rxh7+ Ke8 28. Rh8+ Ke7 29. Rh7+ Ke8 30. Rh8+ Ke7 31. Rh7+ 1/2-1/2

[Event "GER-chT Online Liga 1 GpA"]
[Site "Playchess.com INT"]
[Date "2021.03.23"]
[Round "7.1"]
[White "Welzel, Philipp"]
[Black "Wessendorf, Thomas"]
[Result "1-0"]
[WhiteElo "2208"]
[BlackElo "2252"]
[PlyCount "41"]
[EventDate "2021.01.22"]
[EventType "team-tourn (rapid)"]
[EventRounds "7"]
[EventCountry "GER"]
[SourceTitle "EXT 2022"]
[Source "ChessBase"]
[SourceDate "2021.10.06"]
[SourceVersion "1"]
[SourceVersionDate "2021.10.06"]
[SourceQuality "1"]
[WhiteTeam "Dinslaken"]
[BlackTeam "Essen Katernberg"]
[WhiteTeamCountry "GER"]
[BlackTeamCountry "GER"]

1. d4 Nf6 2. Nf3 e6 3. g3 c5 4. Bg2 Nc6 5. 0-0 d5 6. c4 Be7 7. cxd5 exd5 8. dxc5 0-0 9. a3 Bxc5 10. b4 Bb6 11. Nc3 Bf5 12. Bg5 d4 13. Na4 Re8 14. Nxb6 Qxb6 15. Bxf6 gxf6 16. Nh4 Be4 17. Bxe4 Rxe4 18. Nf5 Re5 19. e4 Rxe4 20. Qf3 Rae8 21. Rae1 1-0

[Event "DSOL 01 Liga Gr-D 1st"]
[Site "Playchess.com INT"]
[Date "2020.07.08"]
[Round "3.1"]
[White "Krastev, Alexander"]
[Black "Welzel, Philipp"]
[Result "1-0"]
[WhiteElo "2309"]
[BlackElo "2203"]
[PlyCount "61"]
[EventDate "2020.06.22"]
[EventType "team-tourn (rapid)"]
[EventCountry "GER"]
[SourceTitle "EXT 2021"]
[Source "ChessBase"]
[SourceDate "2020.10.23"]
[SourceVersion "1"]
[SourceVersionDate "2020.10.23"]
[SourceQuality "1"]
[WhiteTeam "Biebertal"]
[BlackTeam "Dinslaken"]
[WhiteTeamCountry "GER"]
[BlackTeamCountry "GER"]

1. e4 c5 2. Nf3 e6 3. g3 Nc6 4. Bg2 e5 5. 0-0 Nf6 6. Re1 Be7 7. c3 0-0 8. d4 d6 9. d5 Nb8 10. Nbd2 Nbd7 11. a4 b6 12. Nh4 g6 13. Nf1 c4 14. Bh6 Re8 15. Nd2 Ba6 16. Be3 Rc8 17. Bf1 Nc5 18. Bxc5 Rxc5 19. b3 Qc8 20. Bxc4 Bxc4 21. Nxc4 Nh5 22. Nf5 Rxc4 23. bxc4 Qxc4 24. Qe2 Qxc3 25. Rac1 Qa5 26. Rc8 Kf8 27. Nxe7 Kxe7 28. Rxe8+ Kxe8 29. Qb5+ Qxb5 30. axb5 Nf6 31. f3 1-0

[Event "Oberliga NRW 1920"]
[Site "Germany"]
[Date "2019.12.15"]
[Round "4.2"]
[White "Welzel, Philipp"]
[Black "Hendriks, Willy"]
[Result "0-1"]
[WhiteElo "2252"]
[BlackElo "2397"]
[PlyCount "60"]
[EventDate "2019.09.15"]
[EventType "team-tourn"]
[EventRounds "9"]
[EventCountry "GER"]
[SourceTitle "EXT 2022"]
[Source "ChessBase"]
[SourceDate "2021.10.06"]
[SourceVersion "1"]
[SourceVersionDate "2021.10.06"]
[SourceQuality "1"]
[WhiteTeam "Dinslaken"]
[BlackTeam "Bochum SG"]
[WhiteTeamCountry "GER"]
[BlackTeamCountry "GER"]

1. d4 Nf6 2. Nf3 d6 3. g3 Nbd7 4. Bg2 e5 5. c4 Be7 6. 0-0 0-0 7. Nc3 c6 8. e4 a6 9. a4 a5 10. d5 Nc5 11. Ne1 cxd5 12. cxd5 b6 13. f4 Ba6 14. Rf2 exf4 15. gxf4 Nfd7 16. Nb5 Bxb5 17. axb5 Rc8 18. Ra3 Re8 19. Rh3 Bh4 20. Re2 Bf6 21. Nc2 g6 22. Na3 a4 23. Qe1 Nb3 24. Rc2 Rxc2 25. Nxc2 Qc7 26. Rxb3 axb3 27. Nb4 Qc4 28. e5 Nxe5 29. fxe5 Rxe5 30. Qc3 Qxc3 0-1

[Event "Oberliga NRW 1718"]
[Site "Germany"]
[Date "2018.03.11"]
[Round "7.4"]
[White "Welzel, Philipp"]
[Black "Stillger, Bernhard"]
[Result "1/2-1/2"]
[WhiteElo "2187"]
[BlackElo "2272"]
[PlyCount "22"]
[EventDate "2017.09.17"]
[EventType "team-tourn"]
[EventRounds "9"]
[EventCountry "GER"]
[SourceTitle "EXT 2019"]
[Source "ChessBase"]
[SourceDate "2018.10.10"]
[SourceVersion "1"]
[SourceVersionDate "2018.10.10"]
[SourceQuality "1"]
[WhiteTeam "Dinslaken"]
[BlackTeam "Oberhausen"]
[WhiteTeamCountry "GER"]
[BlackTeamCountry "GER"]

1. d4 Nf6 2. c4 e6 3. g3 Bb4+ 4. Bd2 Qe7 5. Nf3 Bxd2+ 6. Qxd2 Nc6 7. Nc3 d5 8. Ne5 dxc4 9. Nxc6 bxc6 10. Bg2 0-0 11. Bxc6 Rb8 1/2-1/2

[Event "NRW Class1 1617"]
[Site "Germany"]
[Date "2017.05.21"]
[Round "9.2"]
[White "Kruse, Herbert"]
[Black "Welzel, Philipp"]
[Result "1-0"]
[WhiteElo "2169"]
[BlackElo "2166"]
[PlyCount "75"]
[EventDate "2016.09.25"]
[EventType "team-tourn"]
[EventRounds "9"]
[EventCountry "GER"]
[SourceTitle "EXT 2023"]
[Source "ChessBase"]
[SourceDate "2022.10.05"]
[SourceVersion "1"]
[SourceVersionDate "2022.10.05"]
[SourceQuality "1"]
[WhiteTeam "Bielefeld"]
[BlackTeam "Ratingen"]
[WhiteTeamCountry "GER"]
[BlackTeamCountry "GER"]

1. e4 e5 2. Nf3 Nc6 3. Bb5 a6 4. Ba4 Nf6 5. 0-0 Be7 6. Re1 b5 7. Bb3 0-0 8. d3 d6 9. a3 Bb7 10. Nc3 Nb8 11. d4 Nbd7 12. dxe5 dxe5 13. Nd5 h6 14. Nxf6+ Nxf6 15. Nxe5 Bxe4 16. Bf4 Bd6 17. Rxe4 Nxe4 18. Nxf7 Rxf7 19. Bxf7+ Kxf7 20. Qd5+ Kf8 21. Qxe4 Bxf4 22. Qxf4+ Kg8 23. Qe4 Qe8 24. Qd5+ Kh8 25. Rd1 c6 26. Qf3 Rd8 27. Rxd8 Qxd8 28. g3 Qd6 29. Kg2 c5 30. h4 c4 31. g4 Qe7 32. h5 Qd6 33. a4 Kg8 34. Qa8+ Kh7 35. Qe4+ Kg8 36. axb5 axb5 37. Qe8+ Kh7 38. Qxb5 1-0

[Event "NRW Class1 1617"]
[Site "Germany"]
[Date "2017.03.05"]
[Round "7"]
[White "Keller, Thomas L"]
[Black "Welzel, Philipp"]
[Result "1-0"]
[WhiteElo "2316"]
[BlackElo "2166"]
[PlyCount "107"]
[EventDate "2016.09.25"]
[EventType "team-tourn"]
[EventRounds "9"]
[EventCountry "GER"]
[SourceTitle "EXT 2023"]
[Source "ChessBase"]
[SourceDate "2022.10.05"]
[SourceVersion "1"]
[SourceVersionDate "2022.10.05"]
[SourceQuality "1"]
[WhiteTeam "Bruehl"]
[BlackTeam "Ratingen"]
[WhiteTeamCountry "GER"]
[BlackTeamCountry "GER"]

1. e4 e5 2. Nf3 Nc6 3. Bc4 Bc5 4. d3 Nf6 5. c3 d6 6. b4 Bb6 7. a4 a5 8. b5 Ne7 9. 0-0 0-0 10. Nbd2 Ng6 11. d4 d5 12. exd5 exd4 13. cxd4 Nxd5 14. Qb3 Be6 15. Ne4 Ndf4 16. Nc5 Ne2+ 17. Kh1 Nxd4 18. Nxd4 Qxd4 19. Nxe6 fxe6 20. Be3 Qh4 21. Bxe6+ Kh8 22. Bd5 Bxe3 23. Qxe3 Rae8 24. Qg3 Qxg3 25. hxg3 b6 26. f3 Ne7 27. Be4 Nf5 28. Bxf5 Rxf5 29. Rac1 Re7 30. Rc4 Rd5 31. Rfc1 Rdd7 32. g4 g5 33. Kh2 Kg7 34. Kh3 Rf7 35. R1c3 h6 36. g3 Rde7 37. f4 Kf8 38. Kg2 Ke8 39. Kf3 Kd8 40. Rd3+ Rd7 41. Rxd7+ Rxd7 42. Ke4 gxf4 43. gxf4 Re7+ 44. Kf5 Re1 45. Rd4+ Kc8 46. Kg6 Re6+ 47. Kf7 c5 48. Kxe6 cxd4 49. g5 hxg5 50. fxg5 d3 51. g6 d2 52. g7 d1Q 53. g8Q+ Kc7 54. Qf7+ 1-0

[Event "NRW Class1 1617"]
[Site "Germany"]
[Date "2017.02.12"]
[Round "6.2"]
[White "Welzel, Philipp"]
[Black "Wittke, Rene"]
[Result "1/2-1/2"]
[WhiteElo "2166"]
[BlackElo "2202"]
[PlyCount "74"]
[EventDate "2016.09.25"]
[EventType "team-tourn"]
[EventRounds "9"]
[EventCountry "GER"]
[SourceTitle "EXT 2023"]
[Source "ChessBase"]
[SourceDate "2022.10.05"]
[SourceVersion "1"]
[SourceVersionDate "2022.10.05"]
[SourceQuality "1"]
[WhiteTeam "Ratingen"]
[BlackTeam "Lieme"]
[WhiteTeamCountry "GER"]
[BlackTeamCountry "GER"]

1. d4 Nf6 2. c4 Nc6 3. Nf3 e6 4. Nc3 Bb4 5. Qc2 d6 6. Bd2 e5 7. a3 Bxc3 8. Bxc3 Qe7 9. d5 Nb8 10. e3 0-0 11. Nd2 a5 12. Bd3 Nbd7 13. b4 axb4 14. axb4 Rxa1+ 15. Bxa1 b5 16. e4 Nh5 17. g3 f5 18. exf5 Nb6 19. cxb5 Qf7 20. 0-0 Nf6 21. f4 Bb7 22. fxe5 Qxd5 23. Qb3 dxe5 24. Qxd5+ Nfxd5 25. Bxe5 Re8 26. Bf4 Nxb4 27. Bc4+ Nxc4 28. Nxc4 Re2 29. Rd1 Nd5 30. Bxc7 Nxc7 31. Rd7 Nxb5 32. Rxb7 Nd4 33. Nd6 h5 34. h4 Rd2 35. Rb8+ Kh7 36. Nf7 Nf3+ 37. Kf1 Nh2+ 1/2-1/2

[Event "Goch op 27th"]
[Site "Goch"]
[Date "2016.09.04"]
[Round "6"]
[White "Welzel, Philipp"]
[Black "Nasshan, Dennis"]
[Result "0-1"]
[WhiteElo "2166"]
[BlackElo "2302"]
[PlyCount "72"]
[EventDate "2016.09.01"]
[EventType "swiss"]
[EventRounds "7"]
[EventCountry "GER"]
[SourceTitle "EXT 2018"]
[Source "ChessBase"]
[SourceDate "2017.10.13"]
[SourceVersion "1"]
[SourceVersionDate "2017.10.13"]
[SourceQuality "1"]

1. d4 d5 2. c4 c6 3. Nf3 Nf6 4. Nc3 e6 5. Bg5 dxc4 6. e4 b5 7. e5 h6 8. Bh4 g5 9. Nxg5 hxg5 10. Bxg5 Nbd7 11. g3 Qb6 12. exf6 Bb7 13. Bg2 0-0-0 14. 0-0 c5 15. d5 b4 16. Na4 Qb5 17. a3 Nb8 18. axb4 cxb4 19. Qd4 Nc6 20. dxc6 Rxd4 21. cxb7+ Kc7 22. Be3 e5 23. Nc3 bxc3 24. bxc3 Bh6 25. Bxh6 Rd3 26. Rfb1 Qc5 27. Be3 Rxe3 28. fxe3 Qxe3+ 29. Kh1 Rd8 30. Ra6 e4 31. Ra4 Qe2 32. Raa1 Qd3 33. Re1 Re8 34. Rxa7 Qxc3 35. Rb1 Rb8 36. Bxe4 Qd4 0-1

[Event "NRW Class2 1516"]
[Site "Germany"]
[Date "2016.03.06"]
[Round "7.2"]
[White "Bussard, Christian"]
[Black "Welzel, Philipp"]
[Result "0-1"]
[WhiteElo "2156"]
[BlackElo "2129"]
[PlyCount "100"]
[EventDate "2015.09.27"]
[EventType "team-tourn"]
[EventRounds "9"]
[EventCountry "GER"]
[SourceTitle "EXT 2017"]
[Source "ChessBase"]
[SourceDate "2016.10.25"]
[SourceVersion "1"]
[SourceVersionDate "2016.10.25"]
[SourceQuality "1"]
[WhiteTeam "Niederkassel"]
[BlackTeam "Ratingen"]
[WhiteTeamCountry "GER"]
[BlackTeamCountry "GER"]

1. e4 e5 2. Nf3 Nc6 3. Bc4 Bc5 4. 0-0 Nf6 5. d3 d6 6. c3 a6 7. Bb3 Ba7 8. h3 h6 9. Be3 0-0 10. Nbd2 Re8 11. Bxa7 Rxa7 12. Re1 Be6 13. Nf1 d5 14. Ng3 Qd7 15. exd5 Bxd5 16. Ne4 Bxe4 17. dxe4 Qxd1 18. Raxd1 Na5 19. Nd2 Raa8 20. Bc2 Rad8 21. b4 Nc6 22. Nc4 b5 23. Ne3 Ne7 24. g3 Nc8 25. c4 Nd6 26. Nd5 Nxc4 27. Nxc7 Rxd1 28. Rxd1 Rc8 29. Nd5 Nxd5 30. Rxd5 Nb6 31. Rd2 Nc4 32. Rd5 Nb6 33. Rc5 Rxc5 34. bxc5 Na8 35. Bb3 Kf8 36. f4 f6 37. Kf2 Ke7 38. Kf3 Nc7 39. Kg4 Ne6 40. c6 Nd4 41. Bd5 Kd6 42. Kh5 Nxc6 43. Bxc6 Kxc6 44. Kg6 b4 45. Kxg7 a5 46. Kxf6 a4 47. fxe5 b3 48. axb3 a3 49. Kg6 a2 50. Kxh6 a1Q 0-1

[Event "NRW Class2 1516"]
[Site "Germany"]
[Date "2015.11.22"]
[Round "3.2"]
[White "Peist, Juergen"]
[Black "Welzel, Philipp"]
[Result "1-0"]
[WhiteElo "2235"]
[BlackElo "2129"]
[PlyCount "39"]
[EventDate "2015.09.27"]
[EventType "team-tourn"]
[EventRounds "9"]
[EventCountry "GER"]
[SourceTitle "EXT 2017"]
[Source "ChessBase"]
[SourceDate "2016.10.25"]
[SourceVersion "1"]
[SourceVersionDate "2016.10.25"]
[SourceQuality "1"]
[WhiteTeam "Herford Koenigsspringer"]
[BlackTeam "Ratingen"]
[WhiteTeamCountry "GER"]
[BlackTeamCountry "GER"]

1. Nf3 c5 2. b3 d5 3. Bb2 Nf6 4. e3 Bg4 5. Bb5+ Nbd7 6. h3 Bxf3 7. Qxf3 e6 8. c4 Be7 9. cxd5 exd5 10. 0-0 0-0 11. d4 cxd4 12. Bxd4 Ne4 13. Nc3 Ndf6 14. Rad1 Qa5 15. Bxf6 Nxf6 16. Nxd5 Nxd5 17. Rxd5 Qxa2 18. Bc4 a6 19. Rd7 Bf6 20. Rxf7 1-0

[Event "NRW Class2 1516"]
[Site "Germany"]
[Date "2015.09.27"]
[Round "1.2"]
[White "Tomaszewski, Roman"]
[Black "Welzel, Philipp"]
[Result "1/2-1/2"]
[WhiteElo "2238"]
[BlackElo "2129"]
[PlyCount "83"]
[EventDate "2015.09.27"]
[EventType "team-tourn"]
[EventRounds "9"]
[EventCountry "GER"]
[SourceTitle "EXT 2017"]
[Source "ChessBase"]
[SourceDate "2016.10.25"]
[SourceVersion "1"]
[SourceVersionDate "2016.10.25"]
[SourceQuality "1"]
[WhiteTeam "Sodingen"]
[BlackTeam "Ratingen"]
[WhiteTeamCountry "GER"]
[BlackTeamCountry "GER"]

1. d4 Nf6 2. c3 e6 3. f4 c5 4. e3 b6 5. Nf3 Bb7 6. Bd3 Be7 7. 0-0 0-0 8. Nbd2 Qc7 9. Qe2 Nc6 10. a3 cxd4 11. cxd4 a6 12. Nb3 d5 13. Bd2 Rfc8 14. Rfc1 Qd8 15. Ne5 Ne4 16. Nxc6 Rxc6 17. Rxc6 Bxc6 18. Bb4 Bxb4 19. axb4 Qd6 20. b5 axb5 21. Rxa8+ Bxa8 22. Bxe4 dxe4 23. Qxb5 Qd8 24. Nd2 Bd5 25. Nb1 g6 26. Nc3 Qc7 27. h3 Qc6 28. Qb4 Kg7 29. Kh2 h6 30. Na4 Qc1 31. Qc3 Qxc3 32. bxc3 b5 33. Nc5 g5 34. Kg3 Kg6 35. h4 f6 36. Kg4 f5+ 37. Kg3 Kh5 38. hxg5 hxg5 39. Nd7 Kg6 40. Ne5+ Kf6 41. fxg5+ Kxg5 42. Nf7+ 1/2-1/2

[Event "Goch op 26th"]
[Site "Goch"]
[Date "2015.09.05"]
[Round "4"]
[White "Podzielny, Karl Heinz"]
[Black "Welzel, Philipp"]
[Result "1/2-1/2"]
[WhiteElo "2420"]
[BlackElo "2100"]
[PlyCount "101"]
[EventDate "2015.09.03"]
[EventType "swiss"]
[EventRounds "7"]
[EventCountry "GER"]
[SourceTitle "EXT 2018"]
[Source "ChessBase"]
[SourceDate "2017.10.13"]
[SourceVersion "1"]
[SourceVersionDate "2017.10.13"]
[SourceQuality "1"]

1. d4 Nf6 2. Nf3 e6 3. g3 b6 4. Bg2 Bb7 5. 0-0 Be7 6. c4 0-0 7. d5 Na6 8. Ne5 exd5 9. cxd5 Re8 10. Nc3 Bb4 11. Nc4 Bxc3 12. bxc3 d6 13. Ne3 Nc5 14. c4 Bc8 15. Bb2 Bd7 16. Qd4 Na4 17. Ba3 Qe7 18. Rfe1 Qe5 19. Qxe5 Rxe5 20. Nc2 Rae8 21. Nd4 h6 22. Bc1 R5e7 23. f3 Nh7 24. g4 Nf8 25. e4 f6 26. Kf2 g5 27. Bf1 Ng6 28. Kg3 Kg7 29. Bd2 Rh8 30. Nf5+ Bxf5 31. exf5 Rxe1 32. Rxe1 Ne5 33. f4 gxf4+ 34. Bxf4 Nc5 35. h4 Kf7 36. Be2 Ne4+ 37. Kg2 Nc3 38. Bxe5 dxe5 39. Kf3 Ke7 40. Bf1 Kd6 41. Re3 Nxa2 42. Ra3 Nb4 43. Rxa7 Rg8 44. Be2 Nc2 45. Ke4 Nd4 46. Bd1 Rc8 47. g5 fxg5 48. hxg5 hxg5 49. f6 Rf8 50. c5+ Kxc5 51. Rxc7+ 1/2-1/2

[Event "Goch op 24th"]
[Site "Goch"]
[Date "2013.09.08"]
[Round "6"]
[White "Lund, Silas Esben"]
[Black "Welzel, Philipp"]
[Result "1/2-1/2"]
[WhiteElo "2417"]
[BlackElo "2057"]
[PlyCount "58"]
[EventDate "2013.09.05"]
[EventType "swiss"]
[EventRounds "7"]
[EventCountry "GER"]
[SourceTitle "EXT 2015"]
[Source "ChessBase"]
[SourceDate "2014.11.20"]
[SourceVersion "1"]
[SourceVersionDate "2014.11.20"]
[SourceQuality "1"]

1. d4 Nf6 2. c4 e6 3. Nc3 c5 4. d5 exd5 5. cxd5 d6 6. e4 g6 7. f4 Bg7 8. Bb5+ Nfd7 9. Nf3 0-0 10. 0-0 Na6 11. Kh1 Nc7 12. Bd3 Nf6 13. a4 Bg4 14. Be3 Re8 15. Qd2 Bxf3 16. Rxf3 a6 17. Raf1 b5 18. axb5 axb5 19. Nxb5 Nxe4 20. Bxe4 Nxb5 21. Bd3 Nd4 22. Bxd4 Bxd4 23. f5 Qa5 24. Qh6 Bg7 25. Qh4 Qb4 26. Rf4 Qxb2 27. f6 Bf8 28. h3 Ra1 29. Rxa1 Qxa1+ 1/2-1/2

[Event "Travemuende op 29th"]
[Site "Travemuende"]
[Date "2012.12.27"]
[Round "2"]
[White "Welzel, Philipp"]
[Black "Schmidt, Harald"]
[Result "0-1"]
[WhiteElo "2071"]
[BlackElo "2365"]
[PlyCount "88"]
[EventDate "2012.12.27"]
[EventType "swiss"]
[EventRounds "7"]
[EventCountry "GER"]
[SourceTitle "CBM 152 Extra"]
[Source "ChessBase"]
[SourceDate "2013.02.25"]
[SourceVersion "1"]
[SourceVersionDate "2013.02.25"]
[SourceQuality "1"]

1. d4 Nf6 2. c4 e6 3. g3 d5 4. Nf3 Be7 5. Bg2 0-0 6. 0-0 dxc4 7. Qa4 a6 8. Qxc4 b5 9. Qc2 Bb7 10. Bd2 Be4 11. Qc1 Qc8 12. Bg5 Nbd7 13. Nbd2 Bb7 14. Nb3 h6 15. Bxf6 Bxf6 16. Nc5 Nxc5 17. Qxc5 Rd8 18. e3 Rd5 19. Qc2 c5 20. Nd2 cxd4 21. Qxc8+ Rxc8 22. Bxd5 Bxd5 23. e4 Ba8 24. Rac1 Rd8 25. f4 d3 26. e5 Be7 27. a3 b4 28. Rc7 Re8 29. Rxe7 Rxe7 30. Rc1 Bd5 31. Rc8+ Kh7 32. Kf2 bxa3 33. bxa3 Rb7 34. Ke3 Rb5 35. Kxd3 Ra5 36. Rc3 Ra4 37. Ke3 g5 38. fxg5 hxg5 39. Nf3 Re4+ 40. Kf2 Kh6 41. h4 gxh4 42. gxh4 Kh5 43. Kg3 Rg4+ 44. Kh3 Rf4 0-1

[Event "Goch op 23rd"]
[Site "Goch"]
[Date "2012.09.01"]
[Round "5"]
[White "Welzel, Philipp"]
[Black "Thomas, Ingo"]
[Result "1/2-1/2"]
[WhiteElo "2060"]
[BlackElo "2131"]
[PlyCount "26"]
[EventDate "2012.08.30"]
[EventType "swiss"]
[EventRounds "7"]
[EventCountry "GER"]
[SourceTitle "EXT 2015"]
[Source "ChessBase"]
[SourceDate "2014.11.20"]
[SourceVersion "1"]
[SourceVersionDate "2014.11.20"]
[SourceQuality "1"]

1. d4 Nf6 2. c4 g6 3. g3 Bg7 4. Bg2 0-0 5. Nc3 d6 6. Nf3 Nc6 7. 0-0 a6 8. d5 Na5 9. Nd2 c5 10. Qc2 Rb8 11. b3 b5 12. Bb2 Bh6 13. f4 bxc4 1/2-1/2

[Event "Goch op 23rd"]
[Site "Goch"]
[Date "2012.08.31"]
[Round "2"]
[White "Podzielny, Karl Heinz"]
[Black "Welzel, Philipp"]
[Result "1-0"]
[WhiteElo "2424"]
[BlackElo "2060"]
[PlyCount "43"]
[EventDate "2012.08.30"]
[EventType "swiss"]
[EventRounds "7"]
[EventCountry "GER"]
[SourceTitle "EXT 2015"]
[Source "ChessBase"]
[SourceDate "2014.11.20"]
[SourceVersion "1"]
[SourceVersionDate "2014.11.20"]
[SourceQuality "1"]

1. d4 Nf6 2. Nf3 e6 3. g3 d5 4. Bg2 Be7 5. c4 0-0 6. Qc2 c5 7. dxc5 Qa5+ 8. Nc3 dxc4 9. Nd2 Qxc5 10. 0-0 Nc6 11. Nce4 Nd4 12. Qd1 Qc7 13. Nxf6+ gxf6 14. e3 Nb5 15. Qg4+ Kh8 16. Qxc4 Qxc4 17. Nxc4 f5 18. Rd1 Bf6 19. Bd2 Rb8 20. Rac1 Rd8 21. Bb4 Rxd1+ 22. Rxd1 1-0